| 000 | 01015nam a22003373 4500 | ||
|---|---|---|---|
| 001 | 22838 | ||
| 003 | SK-KTurca | ||
| 005 | 20260429125911.0 | ||
| 008 | 230911s2023 xo g 000 f slo d | ||
| 020 |
_a9788056911556 _q(viazané) |
||
| 035 | _aa000731388 | ||
| 040 |
_aUKB _bslo _dUKB _erda |
||
| 041 | 0 | _aslo | |
| 044 |
_axo _cSK |
||
| 072 | 7 |
_a821.162.4-3 _xSlovenská próza _2konspekt |
|
| 080 |
_a821.162.4-31 _22011 |
||
| 080 |
_a(0:82-312.5) _22011 |
||
| 100 | 1 |
_aHavranová, Ivana, _d1952- _4aut |
|
| 245 | 1 | 0 |
_aS obrúčkou na prste _cIvana Havranová |
| 250 | _a1. vydanie | ||
| 264 | 1 |
_aBratislava _bMarenčin PT _c2023 |
|
| 300 | _a158 strán | ||
| 336 |
_atext _btxt _2rdacontent |
||
| 337 |
_abez média _bn _2rdamedia |
||
| 338 |
_azväzok _bnc _2rdacarrier |
||
| 655 | 7 |
_aslovenské romány _2UKBPH |
|
| 655 | 7 |
_aľúbostné romány _2UKBPH |
|
| 655 | 7 |
_aromány z lekárskeho prostredia _2UKBPH |
|
| 942 |
_2ddc _cKLDO _n0 |
||
| 980 | _aMarenčin PT spol. s.r.o., Jelenia 6, 811 05 Bratislava | ||
| 999 |
_c22838 _d22838 |
||